Normal view
MARC view
Entry Personal Name
001 - CONTROL NUMBER
- control field: 7252
003 - CONTROL NUMBER IDENTIFIER
- control field: BD-RjUL
005 - DATE AND TIME OF LATEST TRANSACTION
- control field: 20230402111157.0
008 - FIXED-LENGTH DATA ELEMENTS
- fixed length control field: 230402|| aca||aabn | a|a d
040 ## - CATALOGING SOURCE
- Original cataloging agency: BD-RjUL
- Transcribing agency: BD-RjUL
100 ## - HEADING--PERSONAL NAME
- Personal name: Momin Khan,
- Titles and other words associated with a name: 1800-1899
670 ## - SOURCE DATA FOUND
- Source citation: Work cat.: (BD-RjUL)81316: انشائے مومن : حکيم محمد مومن خاں دهلوى المتخلص به مومن کے فارسى خطوط / Inshāʼ-yi Mūmin : Ḥakīm Muḥammad /